| Tag |
First Indicator |
Second Indicator |
Subfields |
| LEADER |
00000cam a2200000 4500 |
| 001 |
in00000049148 |
| 005 |
20151007065658.0 |
| 008 |
790215s1907 oncab b 00000 eng c |
| 010 |
|
|
|a gs 08000076
|
| 035 |
|
|
|a (OCoLC)04659066
|
| 035 |
|
|
|9 AAE2466AM
|
| 040 |
|
|
|a U.S. Geol. Survey. Libr.
|c CLE
|d OCL
|d TXA
|d UtOrBLW
|
| 049 |
|
|
|a TXAM
|c [97322]
|
| 050 |
|
0 |
|a TN845
|b .C415
|
| 092 |
|
|
|a 553.26
|b C212g
|
| 110 |
1 |
|
|a Canada.
|b Mines Branch.
|
| 245 |
1 |
0 |
|a Graphite :
|b its properties, occurrence, refining and uses /
|c By Fritz Cirkel ...
|
| 264 |
|
1 |
|a Ottawa, Canada,
|b [publisher not identified] ;
|c 1907.
|
| 300 |
|
|
|a 11, 307 pages :
|b illustrations, 21 plates, 10 maps. ;
|c 26 cm.
|
| 336 |
|
|
|a text
|b txt
|2 rdacontent
|
| 337 |
|
|
|a unmediated
|b n
|2 rdamedia
|
| 338 |
|
|
|a volume
|b nc
|2 rdacarrier
|
| 500 |
|
|
|a Part of illustrative matter folded.
|
| 504 |
|
|
|a Bibliography: pages 287-289.
|
| 650 |
|
0 |
|a Graphite.
|
| 700 |
1 |
|
|a Cirkel, Fritz.
|
| 999 |
|
|
|a MARS
|
| 999 |
f |
f |
|s b142cee4-3e26-3a1c-bfab-99a37011c9e9
|i eaa43996-eb31-3c2a-9ad5-4b94a215ddc6
|t 0
|
| 952 |
f |
f |
|p ric
|a Texas A&M University
|b Rellis Campus
|c Joint Library Facility
|d Remote Storage
|t 0
|e TN845 .C415
|h Library of Congress classification
|i unmediated -- volume
|m A14800958218
|
| 998 |
f |
f |
|a TN845 .C415
|t 0
|l Remote Storage
|